000 00539nam a22001817a 4500
999 _c21290
_d21290
003 BDDh-ASL
005 20231015030003.0
008 210126s2012 e ||||| |||| 00| 0 eng d
040 _aBDDh-ASL
_cBDDh-ASL
082 _a297
_bFAI
100 1 _92940
_aFaruqi, Ismail R.
245 1 0 _aIslam :
_bReligion, Practice, Culture and World Order /
260 _aLondon :
_bThe International Institute of Islamic Thought,
_c2012.
300 _a96 p. :
_c23 cm.
650 0 _91652
_aIslam
650 0 _92649
_aIslamic Culture
942 _2ddc
_cBK